HEINRICH MARSCHNER (1795-1861) A BRATISLAVA : (Spomienka k 100. výročiu úmrtia)

Bibliographic Details
Main Author: Z. H. (Author)
Format: Article
Language:Slovak

MARC

LEADER 00000nab a2200000uu 4500
001 vtls010883536
003 SK-MaSNL
005 20260303145059.0
008 230222|1961 xo |||||||||||||||||slo|
015 |a SNBRB 
035 |a (urnnbn)urn:nbn:sk:snk:ar-0025km 
035 |a (uuid)4bcd009f-e0ce-4d0b-b8a8-d4fd8e5cb873 
035 |a urn:nbn:sk:snk-ab8f1j 
040 |a SNKBUCL  |b slo  |c SNKBUCL  |e AACR2 
041 0 |a slo 
044 |a xo  |c SK 
100 1 |a Z. H.  |4 aut  |9 6493 
245 1 0 |a HEINRICH MARSCHNER (1795-1861) A BRATISLAVA :  |b (Spomienka k 100. výročiu úmrtia)  |c Z. H. 
773 0 |t Slovenská hudba : revue pre hudobnú kultúru  |g Roč. 5, č. 12 (1961), s. 551 
954 |a odborná, vedecká literatúra pôvodná (slovenská)  |2 lita 
958 |a OND 
958 |a EUIPO 
958 |a article10 
999 |c 2000323  |d 2002253